000 00571nam a2200217Ia 4500
003 OSt
005 20220928151628.0
006 a|||||r|||| 00| 0
007 ta
008 220927b |||||||| |||| 00| 0 eng d
024 _a129348
037 _cTextual
040 _aSDCL
_cSDCL
_beng
041 _2eng
_aeng
082 _aO-,2N281:gx, L5
100 _aBigsby C W E Ed.
_9517839
245 0 _aEdward Albee
_b A collection of critical essays
260 _c1975
942 _hO-,2N281:gx, L5
_cTEXL
_2CC
999 _c852258
_d852258